000 00526nam a2200217Ia 4500
003 OSt
005 20220928145605.0
006 a|||||r|||| 00| 0
007 ta
008 220927b |||||||| |||| 00| 0 eng d
024 _a81300
037 _cTextual
040 _aSDCL
_cSDCL
_beng
041 _2eng
_aeng
082 _aW66, P3
100 _aClinton David
_9513512
245 0 _aLiberalism confronts the world
260 _c2003
942 _hW66, P3
_cTEXL
_2CC
999 _c834161
_d834161